| 000 | 01229cam a2200349 i 4500 | ||
|---|---|---|---|
| 999 |
_c126357 _d126357 |
||
| 001 | 17683238 | ||
| 003 | ARRUPE | ||
| 005 | 20170324102737.0 | ||
| 008 | 130403s2013 enk b 001 0 eng | ||
| 010 | _a 2013003211 | ||
| 020 | _a9780199325382 (hbk. : alk. paper) | ||
| 020 | _a0199325383 (hbk. : alk. paper) | ||
| 020 | _a9780199325399 (updf) | ||
| 020 | _a0199325391 (updf) | ||
| 020 | _z9780199325405 (epub) | ||
| 020 | _z0199325405 (epub) | ||
| 040 |
_aDLC _beng _cDLC _erda |
||
| 042 | _apcc | ||
| 050 | 0 | 0 |
_aK3240 _b.B825 2013 |
| 082 | 0 | 0 |
_a323.01 _223 |
| 100 | 1 |
_aBuchanan, Allen E., _d1948- _929593 |
|
| 245 | 1 | 4 |
_aThe heart of human rights / _cAllen Buchanan. |
| 260 |
_aOxford _bOxford University Press _c2013 |
||
| 300 |
_ax, 320 pages ; _c25 cm |
||
| 504 | _aIncludes bibliographical references and index. | ||
| 650 | 0 |
_aHuman rights. _929594 |
|
| 650 | 0 |
_aLaw _xPhilosophy. _910576 |
|
| 906 |
_a7 _bcbc _corignew _d1 _eecip _f20 _gy-gencatlg |
||
| 942 |
_2lcc _cMONOGRAPH |
||